[Event "Women's Speed Chess Q7"]
[Site "chess.com INT"]
[Date "2021.06.06"]
[Round "1"]
[White "Dong, Khanh Linh"]
[Black "Koridze, Lile"]
[Result "0-1"]
[WhiteTitle "WCM"]
[BlackTitle "WFM"]
[WhiteElo "1970"]
[BlackElo "2016"]
[WhiteFideId "12403040"]
[BlackFideId "13612514"]
[EventDate "2021.06.06"]

1. Nf3 d5 2. g3 e6 3. Bg2 Nf6 4. O-O c5 5. d3 Nc6 6. c4 Be7 7. a3 O-O 8. Qc2 a6
9. Nc3 Rb8 10. Rb1 b5 11. b3 b4 12. Na4 d4 13. axb4 Nxb4 14. Qd1 Bb7 15. Bf4 Rc8
16. Qd2 Bc6 17. Nb2 a5 18. Ra1 Qb6 19. Rfb1 Rfd8 20. Na4 Qa7 21. Ne5 Bxg2 22.
Kxg2 Qb7+ 23. Nf3 Bd6 24. Bxd6 Rxd6 25. Qg5 Qc7 26. Rb2 h6 27. Qf4 Nd7 28. h4
Re8 29. Ne5 Qb7+ 30. Kh2 Nf6 31. Nxc5 Qc7 32. Ne4 Nxe4 33. Qxe4 Rb6 34. Ra4 Reb8
35. Qxd4 Na6 36. Nd7 Rd6 37. Nxb8 Rxd4 38. Nxa6 Qb6 39. c5 Qd8 40. Rxd4 Qxd4 41.
Rc2 Qxf2+ 42. Kh3 Qg1 43. c6 h5 44. e4 Qf1+ 45. Kh2 Qxd3 46. Rc5 Qxa6 47. c7 Qc8
48. Kg2 Kf8 49. Kf3 Ke7 50. Ke3 Kd7 51. Kd4 f6 52. e5 fxe5+ 53. Kxe5 Ke7 54. Rc6
g6 55. Kf4 Qf8+ 56. Kg5 Qc8 57. Kxg6 Qe8+ 58. Kg7 Qxc6 59. Kh7 Qxc7 60. Kh6 Qxg3
61. Kxh5 Qxb3 62. Kh6 a4 63. h5 a3 64. Kg7 a2 65. h6 a1=Q+ 66. Kg8 Qa8+ 67. Kg7
Qg3+ 68. Kh7 Qag8# 0-1

[Event "Women's Speed Chess Q7"]
[Site "chess.com INT"]
[Date "2021.06.06"]
[Round "1"]
[White "Head, Louise"]
[Black "Paehtz, Elisabeth"]
[Result "0-1"]
[WhiteTitle "WFM"]
[BlackTitle "IM"]
[WhiteElo "2090"]
[BlackElo "2456"]
[WhiteFideId "424773"]
[BlackFideId "4641833"]
[EventDate "2021.06.06"]

1. d4 g6 2. c4 Bg7 3. e4 d6 4. Nf3 Nc6 5. Be2 Bg4 6. Be3 Bxf3 7. Bxf3 e5 8. d5
Nd4 9. Bxd4 exd4 10. O-O Ne7 11. Re1 c5 12. dxc6 Nxc6 13. Qa4 O-O 14. Nd2 Qb6
15. Qb3 Qc5 16. Qb5 a6 17. Qxc5 dxc5 18. Nb3 b6 19. e5 Rac8 20. Bd5 Nxe5 21. Bb7
Rc7 22. Bxa6 Nd3 23. Re2 Nb4 24. Bb5 d3 25. Rd2 Re7 26. a3 Nc2 27. Rad1 Bxb2 28.
Rxd3 Bxa3 29. g3 Nb4 30. Rd7 Rxd7 31. Rxd7 Re8 32. Kg2 Re2 33. Rd8+ Kg7 34. Re8
Rb2 35. Nc1 Rc2 36. Ne2 Nd3 37. Nf4 Nxf4+ 38. gxf4 Bb2 39. Re7 Bd4 40. Kh3 Rxf2
41. Kg4 h5+ 42. Kg3 Rf1 43. Be8 Kh6 44. Bxf7 Bf6 45. Rb7 h4+ 46. Kg4 Rg1+ 47.
Kf3 Rb1 48. Bg8 Bg7 49. Kg4 Rb4 50. Bd5 Rb2 51. h3 Rf2 52. Rf7 Rg2+ 53. Kxh4 Rg1
54. Be4 Rc1 55. f5 Rxc4 56. fxg6 Rxe4+ 57. Kg3 Re3+ 58. Kg4 Re4+ 59. Kf5 Rd4 60.
Rb7 b5 61. Rxb5 c4 62. Rc5 Rh4 63. Rc6 c3 64. Rc7 Rxh3 65. Rc4 Rh5+ 66. Kg4 Rg5+
67. Kf4 Rxg6 68. Rc5 Rd6 69. Kg4 Kg6 70. Rg5+ Kf7 71. Rc5 Rd4+ 72. Kf5 Rd7 73.
Rc7 Rxc7 0-1

[Event "Women's Speed Chess Q7"]
[Site "chess.com INT"]
[Date "2021.06.06"]
[Round "1"]
[White "Nguyen, Hong Anh"]
[Black "Nandhidhaa, P V"]
[Result "1/2-1/2"]
[WhiteTitle "WIM"]
[BlackTitle "WGM"]
[WhiteElo "1993"]
[BlackElo "2365"]
[WhiteFideId "12406732"]
[BlackFideId "5050847"]
[EventDate "2021.06.06"]

1. d4 d6 2. c4 e5 3. Nf3 exd4 4. Nxd4 Nf6 5. g3 Be7 6. Bg2 O-O 7. O-O c5 8. Nb3
Nc6 9. Nc3 Be6 10. Nd5 Bxd5 11. cxd5 Nb4 12. a3 Na6 13. Bf4 Nc7 14. e4 Nd7 15.
Re1 Ne5 16. Nxc5 dxc5 17. Bxe5 Bd6 18. Bxd6 Qxd6 19. e5 Qb6 20. d6 Ne6 21. Rb1
Nd4 22. Qd3 Rac8 23. Qc4 Rfd8 24. Bd5 Rf8 25. Red1 Qa5 26. b4 Qxa3 27. bxc5 Nf3+
28. Bxf3 Qxf3 29. Rd3 Qc6 30. Rd5 b6 31. Rc1 bxc5 32. Rxc5 Qxc5 33. Qxc5 Rxc5
34. Rxc5 Rd8 35. Rc7 a5 36. Ra7 Kf8 37. Rxa5 f6 38. f4 fxe5 39. fxe5 Kf7 40. Kf2
Ke6 41. Ke3 Rb8 42. Ra7 Kxe5 43. Rxg7 Rb3+ 44. Kf2 Rb2+ 45. Kf3 Rxh2 46. d7 Rd2
47. Rxh7 Ke6 48. Kg4 Kf6 49. Rh6+ Kg7 50. Ra6 Rxd7 51. Kg5 Rd5+ 52. Kh4 Rd4+ 53.
g4 Rd1 54. Kh5 Rd8 55. Ra7+ Kg8 56. g5 Kh8 57. Kh6 Kg8 58. g6 Re8 59. Rg7+ Kh8
60. Rf7 Kg8 61. Rh7 Rd8 62. Re7 Rc8 63. Kg5 Rc5+ 64. Kh6 Rc8 65. Ra7 Rd8 66. Kg5
Rd5+ 67. Kf6 Rd6+ 68. Kf5 Rd8 69. Ke6 Re8+ 70. Kf6 Rb8 71. Rf7 Rb6+ 72. Kg5 Rb5+
73. Kh6 Rb8 74. Rf2 Rc8 75. Rd2 Rb8 76. Rc2 Ra8 77. Rb2 Rc8 78. Rb7 Ra8 79. Rc7
Rb8 80. Rd7 Rc8 81. g7 Rc6+ 82. Kg5 Rc5+ 83. Kf6 Rc6+ 84. Kf5 Rc5+ 85. Ke6 Rc6+
86. Kd5 Rg6 87. Ke5 Rxg7 88. Rd8+ Kh7 89. Rd6 Re7+ 90. Kf6 Ra7 91. Rd8 Ra6+ 92.
Kg5 Ra5+ 93. Kf4 Ra4+ 94. Ke5 Ra5+ 95. Kd4 Ra4+ 96. Kc5 Ra5+ 97. Kb4 Rg5 98. Kc4
Rg4+ 99. Kd5 Rg5+ 100. Ke6 Ra5 101. Rd7+ Kg6 102. Rd6 Kg5 103. Kf7 Rf5+ 104. Ke6
Ra5 105. Rd7 Ra6+ 106. Rd6 Rxd6+ 107. Kxd6 1/2-1/2

[Event "Women's Speed Chess Q7"]
[Site "chess.com INT"]
[Date "2021.06.06"]
[Round "2"]
[White "Tania, Sachdev"]
[Black "Avramidou, Anastasia"]
[Result "0-1"]
[WhiteTitle "IM"]
[BlackTitle "FM"]
[WhiteElo "2392"]
[BlackElo "2238"]
[WhiteFideId "5007844"]
[BlackFideId "4239873"]
[EventDate "2021.06.06"]

1. d4 Nf6 2. c4 g6 3. Nf3 d5 4. cxd5 Nxd5 5. e4 Nb6 6. Nc3 Bg7 7. Be3 O-O 8. Be2
c5 9. O-O cxd4 10. Bxd4 Nc6 11. Bxg7 Kxg7 12. Qc2 Bg4 13. Rfd1 Qc7 14. Nd5 Qc8
15. Qxc6 bxc6 0-1

[Event "Women's Speed Chess Q7"]
[Site "chess.com INT"]
[Date "2021.06.06"]
[Round "2"]
[White "Zawadzka, Jolanta"]
[Black "Nguyen, Hong Ngoc"]
[Result "1-0"]
[WhiteTitle "WGM"]
[BlackTitle "WCM"]
[WhiteElo "2403"]
[BlackElo "1957"]
[WhiteFideId "1122320"]
[BlackFideId "12403083"]
[EventDate "2021.06.06"]

1. e4 d5 2. exd5 Qxd5 3. Nc3 Qd8 4. d4 g6 5. Nf3 Bg7 6. Be3 Nf6 7. Bc4 O-O 8. h3
Nc6 9. Qe2 e6 10. O-O-O a6 11. d5 exd5 12. Nxd5 Nxd5 13. Bxd5 Qf6 14. c3 Ne5 15.
Bg5 Qf5 16. g4 Nxf3 17. gxf5 Nxg5 18. h4 Bxf5 19. hxg5 Rfe8 20. Qf3 c6 21. Bb3
Be4 22. Qxf7+ Kh8 23. Rh4 Bf5 24. Rxh7+ Kxh7 25. Rh1+ Bh3 26. Rxh3# 1-0

[Event "Women's Speed Chess Q7"]
[Site "chess.com INT"]
[Date "2021.06.06"]
[Round "2"]
[White "Balabayeva, Xeniya"]
[Black "Nanditha, V"]
[Result "1-0"]
[WhiteTitle "WFM"]
[BlackTitle "WCM"]
[WhiteElo "2116"]
[BlackElo "1666"]
[WhiteFideId "13719688"]
[BlackFideId "46626697"]
[EventDate "2021.06.06"]

1. e4 c6 2. d4 d5 3. Nd2 dxe4 4. Nxe4 Nf6 5. Nxf6+ exf6 6. c3 Bd6 7. Bd3 O-O 8.
Ne2 Re8 9. Qc2 g6 10. Be3 b5 11. h4 b4 12. h5 f5 13. hxg6 fxg6 14. Bc4+ Be6 15.
Bxe6+ Rxe6 16. Kd2 bxc3+ 17. bxc3 Bf8 18. Nf4 Re8 19. Qb3+ Kh8 20. Nxg6+ Kg7 21.
Rxh7+ Kxh7 22. Qf7+ Bg7 23. Rh1+ Qh4 24. Rxh4# 1-0

[Event "Women's Speed Chess Q7"]
[Site "chess.com INT"]
[Date "2021.06.06"]
[Round "2"]
[White "Shuvalova, Polina"]
[Black "Kotepalli, Sai Nirupama"]
[Result "0-1"]
[WhiteTitle "IM"]
[BlackTitle "WFM"]
[WhiteElo "2489"]
[BlackElo "1914"]
[WhiteFideId "24171760"]
[BlackFideId "5039444"]
[EventDate "2021.06.06"]

1. e4 c5 2. Nf3 e6 3. g3 Nf6 4. Qe2 Nc6 5. Bg2 Be7 6. O-O d5 7. exd5 exd5 8. d4
O-O 9. dxc5 Bxc5 10. Bg5 h6 11. Bxf6 Qxf6 12. Nc3 Be6 13. Rad1 Rad8 14. Rfe1
Rfe8 15. Qd2 Re7 16. h3 Bb4 17. Nd4 Nxd4 18. Qxd4 Qxd4 19. Rxd4 Bxc3 20. bxc3
Rc7 21. Re3 Rdc8 22. Bxd5 Bxd5 23. Rxd5 Rxc3 24. Rxc3 Rxc3 25. Rd8+ Kh7 26. Rd7
Rxc2 27. Rxb7 Rxa2 28. Rxf7 Kg6 29. Rxa7 Rxa7 0-1

[Event "Women's Speed Chess Q7"]
[Site "chess.com INT"]
[Date "2021.06.06"]
[Round "2"]
[White "Bivol, Alina"]
[Black "Semenova, Elena1"]
[Result "1-0"]
[WhiteTitle "WGM"]
[BlackTitle "WIM"]
[WhiteElo "2374"]
[BlackElo "2246"]
[WhiteFideId "4100123"]
[BlackFideId "24125148"]
[EventDate "2021.06.06"]

1. e4 e5 2. d4 Nf6 3. dxe5 Nxe4 4. Nf3 Nc6 5. Bc4 Nc5 6. O-O Be7 7. Nc3 O-O 8.
Be3 h6 9. Nd5 Ne6 10. Nxe7+ Qxe7 11. c3 Rd8 12. Qc2 d6 13. exd6 Rxd6 14. Rfe1
Qf8 15. Rad1 Bd7 16. Bxe6 Bxe6 17. Bc5 Rxd1 18. Bxf8 Rxe1+ 19. Nxe1 Rxf8 20. b3
Rd8 21. h3 Ne7 22. Nf3 b6 23. Nd4 Bc8 24. Qe2 Kf8 25. Qf3 c5 26. Nb5 a6 27. Nc7
Bf5 28. c4 g6 29. Nxa6 Kg7 30. Nc7 Rd3 31. Qe2 Nc6 32. Qe8 Rd1+ 33. Kh2 Rd2 34.
Qxc6 1-0

[Event "Women's Speed Chess Q7"]
[Site "chess.com INT"]
[Date "2021.06.06"]
[Round "2"]
[White "Hajiyeva, Laman"]
[Black "Gaponenko, Inna"]
[Result "1/2-1/2"]
[WhiteTitle "WFM"]
[BlackTitle "IM"]
[WhiteElo "1982"]
[BlackElo "2357"]
[WhiteFideId "13415875"]
[BlackFideId "14101181"]
[EventDate "2021.06.06"]

1. d4 d5 2. c4 e6 3. cxd5 exd5 4. Nc3 c6 5. Bf4 g6 6. e3 Bg7 7. Bd3 Ne7 8. h4
O-O 9. h5 Bf5 10. hxg6 fxg6 11. Bg5 Qd7 12. Nf3 Qe6 13. Bh6 Nd7 14. Bxg7 Kxg7
15. Ng5 Qd6 16. Rxh7+ Kg8 17. Rh1 Nf6 18. Bxf5 Nxf5 19. Qf3 Nh5 20. Qh3 Nh6 21.
g4 Qf6 22. gxh5 Qxf2+ 23. Kd1 Qxb2 24. Rc1 Rf2 25. Qe6+ Kg7 26. Qe5+ Kg8 27.
Qe6+ Kh8 28. Qe5+ Kg8 29. Qe6+ 1/2-1/2

[Event "Women's Speed Chess Q7"]
[Site "chess.com INT"]
[Date "2021.06.06"]
[Round "2"]
[White "Purtseladze, Maka"]
[Black "Zaksaite, Salomeja"]
[Result "1-0"]
[WhiteTitle "IM"]
[BlackTitle "WIM"]
[WhiteElo "2274"]
[BlackElo "2202"]
[WhiteFideId "13602659"]
[BlackFideId "12801496"]
[EventDate "2021.06.06"]

1. d4 Nf6 2. Bg5 Ne4 3. Bf4 d5 4. e3 c5 5. Bd3 Nc6 6. Bxe4 dxe4 7. d5 e5 8. Bg3
Nb4 9. Nc3 f6 10. a3 Na6 11. Nxe4 Bd6 12. Nxd6+ Qxd6 13. c4 b5 14. b3 Rb8 15.
Ne2 bxc4 16. bxc4 Nc7 17. O-O Na8 18. Nc3 Nb6 19. Ne4 Qc7 20. Qh5+ Kf8 21. Rac1
Ba6 22. Nd2 Qf7 23. Qe2 Nxd5 24. Qd3 Nb6 25. Ne4 Bxc4 26. Qd6+ Kg8 27. Rfd1 Rf8
28. Nxc5 1-0

[Event "Women's Speed Chess Q7"]
[Site "chess.com INT"]
[Date "2021.06.06"]
[Round "2"]
[White "Selkirk, Rebecca"]
[Black "Zaichenko, Daria"]
[Result "0-1"]
[WhiteTitle "WCM"]
[BlackTitle "WFM"]
[WhiteElo "1799"]
[BlackElo "2104"]
[WhiteFideId "14306514"]
[BlackFideId "4197453"]
[EventDate "2021.06.06"]

1. e4 c5 2. Nf3 Nc6 3. d4 cxd4 4. Nxd4 Nf6 5. Bg5 d6 6. Nc3 e6 7. Bb5 Bd7 8. O-O
Be7 9. f4 O-O 10. Kh1 h6 11. Bxf6 Bxf6 12. Nxc6 bxc6 13. Bd3 e5 14. fxe5 Bxe5
15. Qf3 Qh4 16. h3 Rab8 17. Bc4 Kh8 18. Bb3 f5 19. Qf2 Bg3 20. Qe2 f4 21. Rf3
Bg4 22. Raf1 Bxf3 23. Rxf3 Rbe8 24. Qc4 g5 25. Ne2 g4 26. Rf1 gxh3 27. Nxg3
hxg2+ 28. Kxg2 Qxg3+ 29. Kh1 Re5 0-1

[Event "Women's Speed Chess Q7"]
[Site "chess.com INT"]
[Date "2021.06.06"]
[Round "2"]
[White "Fominykh, Maria"]
[Black "Ziegenfuss, Antonia"]
[Result "1-0"]
[WhiteTitle "WGM"]
[BlackTitle "WFM"]
[WhiteElo "2206"]
[BlackElo "2157"]
[WhiteFideId "4142411"]
[BlackFideId "12962554"]
[EventDate "2021.06.06"]

1. d4 Nf6 2. c4 e6 3. g3 d5 4. Nf3 dxc4 5. Qa4+ Bd7 6. Qxc4 Bc6 7. Bg2 Nbd7 8.
O-O Nb6 9. Qc2 Bd6 10. Nc3 O-O 11. e4 Bb4 12. e5 Nfd5 13. Ne4 Be7 14. Neg5 g6
15. a3 h6 16. Ne4 Kg7 17. b3 Rh8 18. h4 Rc8 19. h5 g5 20. Nh2 Nd7 21. Ng4 f5 22.
exf6+ N7xf6 23. Nexf6 Nxf6 24. Qg6+ Kf8 25. Nxh6 Be8 26. Qxg5 Nd5 27. Qg4 Bf6
28. Qxe6 c6 29. Be3 Bd7 30. Qf7# 1-0

[Event "Women's Speed Chess Q7"]
[Site "chess.com INT"]
[Date "2021.06.06"]
[Round "2"]
[White "Frayna, Janelle Mae"]
[Black "Kashlinskaya, Alina"]
[Result "0-1"]
[WhiteTitle "WGM"]
[BlackTitle "IM"]
[WhiteElo "2179"]
[BlackElo "2494"]
[WhiteFideId "5212499"]
[BlackFideId "4198026"]
[EventDate "2021.06.06"]

1. e4 e6 2. d4 d5 3. Nc3 Nf6 4. e5 Nfd7 5. f4 c5 6. Nf3 Be7 7. Be3 O-O 8. Qd2 b6
9. Bb5 a6 10. Bd3 Nc6 11. f5 cxd4 12. Nxd4 Ndxe5 13. fxe6 Bxe6 14. O-O-O Bc5 15.
Nxc6 Nxc6 16. Ne2 Re8 17. Kb1 Nb4 18. Bg5 f6 19. Bh4 Bf7 20. Bg3 Qe7 21. Nf4 Be3
22. Qe2 a5 23. Qf3 d4 24. a3 Nxd3 25. Rxd3 Rac8 26. Nd5 Qc5 27. Nxe3 dxe3 28.
Rc3 Qe7 29. Rxc8 Rxc8 30. Re1 Qc5 31. Qxe3 Qxc2+ 32. Ka1 a4 33. Bd6 h6 34. Bb4
Qc4 35. Kb1 Qa2# 0-1

[Event "Women's Speed Chess Q7"]
[Site "chess.com INT"]
[Date "2021.06.06"]
[Round "2"]
[White "Belenkaya, Dina"]
[Black "Cyfka, Karina"]
[Result "1-0"]
[WhiteTitle "WGM"]
[BlackTitle "IM"]
[WhiteElo "2341"]
[BlackElo "2417"]
[WhiteFideId "24142654"]
[BlackFideId "1122681"]
[EventDate "2021.06.06"]

1. e4 e5 2. Nf3 Nc6 3. Bb5 a6 4. Ba4 Nf6 5. d3 b5 6. Bb3 Be7 7. c3 O-O 8. Nbd2
d5 9. O-O h6 10. Qe2 Be6 11. Rd1 dxe4 12. dxe4 Bxb3 13. Nxb3 Qc8 14. a4 b4 15.
Qc2 Qe6 16. Be3 bxc3 17. bxc3 Ng4 18. Bc5 Rfb8 19. Nfd2 Bxc5 20. Nxc5 Qe7 21.
Ndb3 Na5 22. Rd7 Qf8 23. Rxc7 Nxb3 24. Nxb3 Qd6 25. Rc4 Rc8 26. Rxc8+ Rxc8 27.
c4 Qb6 28. c5 Qb4 29. f3 Nf6 30. Rc1 Rb8 31. c6 Qxb3 32. Qxb3 Rxb3 33. c7 1-0

[Event "Women's Speed Chess Q7"]
[Site "chess.com INT"]
[Date "2021.06.06"]
[Round "2"]
[White "Dzagnidze, Nana"]
[Black "Babiy, Olga"]
[Result "1-0"]
[WhiteTitle "GM"]
[BlackTitle "WGM"]
[WhiteElo "2524"]
[BlackElo "2280"]
[WhiteFideId "13601903"]
[BlackFideId "14117258"]
[EventDate "2021.06.06"]

1. d4 d5 2. c4 dxc4 3. Nf3 Nf6 4. e3 e6 5. Bxc4 a6 6. O-O c5 7. b3 b6 8. Bb2 Bb7
9. Qe2 Nbd7 10. Rd1 Qb8 11. h3 Be7 12. a4 O-O 13. Nc3 Rd8 14. d5 exd5 15. Nxd5
Nxd5 16. Bxd5 Bxd5 17. Rxd5 Nf6 18. Rxd8+ Qxd8 19. Rd1 Qe8 20. e4 Qc6 21. e5 Nd5
22. Qc4 Nb4 23. Qg4 h6 24. e6 f6 25. Rd7 Re8 26. Nh4 b5 27. Nf5 Bf8 28. Nxh6+
Kh7 29. Nf5 Qxe6 30. Rxg7+ 1-0

[Event "Women's Speed Chess Q7"]
[Site "chess.com INT"]
[Date "2021.06.06"]
[Round "2"]
[White "Sviridova, Vlada"]
[Black "Arabidze, Meri"]
[Result "0-1"]
[WhiteTitle "WFM"]
[BlackTitle "IM"]
[WhiteElo "2144"]
[BlackElo "2432"]
[WhiteFideId "24109606"]
[BlackFideId "13604040"]
[EventDate "2021.06.06"]

1. d4 c6 2. c4 d5 3. Nf3 e6 4. Nc3 f5 5. Bf4 Nf6 6. e3 Bd6 7. Bxd6 Qxd6 8. Bd3
O-O 9. O-O Nbd7 10. Rb1 Ne4 11. Ne2 b6 12. b4 Bb7 13. c5 Qe7 14. Ne5 Nxe5 15.
dxe5 bxc5 16. f3 cxb4 17. fxe4 fxe4 18. Bc2 c5 19. Nf4 Rf5 20. Qg4 Raf8 21. g3
Rxe5 22. h4 Ref5 23. Rf2 a5 24. Rbf1 Bc8 25. Nh5 g6 26. Nf4 Bd7 27. h5 g5 28.
Nh3 h6 29. Rxf5 exf5 30. Qd1 Be6 31. Bb3 Qd6 32. Kg2 Qe5 33. Rf2 c4 34. Ba4 Rd8
35. Ng1 d4 36. exd4 Qxd4 37. Rd2 Qxd2+ 38. Qxd2 Rxd2+ 39. Kf1 c3 40. Ne2 Bc4 41.
Bb3 Bxb3 42. axb3 c2 43. Ke1 Rxe2+ 0-1

[Event "Women's Speed Chess Q7"]
[Site "chess.com INT"]
[Date "2021.06.06"]
[Round "2"]
[White "Komiagina, Maria"]
[Black "Gevorgyan, Maria"]
[Result "0-1"]
[WhiteTitle "WIM"]
[BlackTitle "WGM"]
[WhiteElo "2241"]
[BlackElo "2219"]
[WhiteFideId "4153987"]
[BlackFideId "13300270"]
[EventDate "2021.06.06"]

1. d4 Nf6 2. Nf3 g6 3. Nc3 Bg7 4. e4 d6 5. h3 c5 6. Be3 O-O 7. Qd2 cxd4 8. Nxd4
Nc6 9. O-O-O a5 10. Nxc6 bxc6 11. Bh6 a4 12. Bxg7 Kxg7 13. a3 Rb8 14. Nxa4 Nxe4
15. Qd4+ Nf6 16. Be2 c5 17. Qe3 Bd7 18. Nc3 Qb6 19. b3 Be6 20. Na4 Qa7 21. g4
Nd5 22. Qf3 Nb6 23. Nxb6 Qxa3+ 24. Kd2 Rxb6 25. h4 f6 26. h5 Qb4+ 27. Qc3 Qf4+
28. Ke1 Bxg4 29. hxg6 hxg6 30. Qd3 Bf5 31. Qe3 Qxe3 32. fxe3 Bxc2 33. Rd2 Bxb3
34. Bd3 Ra8 35. Kf2 Bf7 36. Kf3 c4 37. Be4 Ra3 38. Rdh2 f5 39. Rh7+ Kf6 40. Bc2
Bd5+ 41. Kg3 Bxh1 0-1

[Event "Women's Speed Chess Q7"]
[Site "chess.com INT"]
[Date "2021.06.06"]
[Round "2"]
[White "Mkrtchian, Lilit"]
[Black "Doluhanova, Evgeniya"]
[Result "1-0"]
[WhiteTitle "IM"]
[BlackTitle "WGM"]
[WhiteElo "2388"]
[BlackElo "2192"]
[WhiteFideId "13300601"]
[BlackFideId "14112035"]
[EventDate "2021.06.06"]

1. e4 e5 2. Nf3 Nc6 3. Bb5 Nf6 4. d3 Bc5 5. c3 d6 6. O-O O-O 7. Bg5 h6 8. Bh4
Bg4 9. Nbd2 a6 10. Ba4 b5 11. Bc2 g5 12. Bg3 Ne7 13. Re1 Ng6 14. Nf1 Nf4 15. d4
Bb6 16. dxe5 Bxf3 17. Qxf3 dxe5 18. Ne3 Kh7 19. Nf5 Qd7 20. Rad1 Qe6 21. Bxf4
gxf4 22. Kh1 Rad8 23. g3 Rxd1 24. Rxd1 Qxa2 25. gxf4 Qxb2 26. Qd3 Bxf2 27. fxe5
Ng4 28. e6 Bh4 29. Rf1 Nf2+ 30. Rxf2 Bxf2 31. e7 Rg8 32. Ng3 Qc1+ 33. Kg2 Bxg3
34. e5+ 1-0

[Event "Women's Speed Chess Q7"]
[Site "chess.com INT"]
[Date "2021.06.06"]
[Round "2"]
[White "Pourkashiyan, Atousa"]
[Black "Dong, Khanh Linh"]
[Result "1-0"]
[WhiteTitle "WGM"]
[BlackTitle "WCM"]
[WhiteElo "2322"]
[BlackElo "1970"]
[WhiteFideId "12502014"]
[BlackFideId "12403040"]
[EventDate "2021.06.06"]

1. e4 c5 2. Nf3 d6 3. d4 cxd4 4. Nxd4 Nf6 5. Nc3 a6 6. Be2 e5 7. Nb3 Be7 8. O-O
O-O 9. Be3 Be6 10. Qd3 d5 11. exd5 Nxd5 12. Nxd5 Qxd5 13. Rad1 Qxd3 14. Bxd3 Nc6
15. Nc5 Bxc5 16. Bxc5 Rfd8 17. Be4 f5 18. Bxc6 bxc6 19. b3 Kf7 20. c4 Kf6 21. f3
g5 22. Kf2 h5 23. Ke3 f4+ 24. Ke2 g4 25. Kf2 Bf5 26. Rfe1 gxf3 27. gxf3 Rd3 28.
Rxd3 Bxd3 29. Rd1 Rd8 30. Bb6 Rd7 31. Ba5 Kg5 32. Rg1+ Kh4 33. Bc3 Bf5 34. Bxe5
Rd2+ 35. Ke1 Rxa2 36. Bxf4 Ra1+ 37. Kf2 Ra2+ 38. Ke3 Rb2 39. Rg3 Rxb3+ 40. Kd4
a5 41. Bg5# 1-0

[Event "Women's Speed Chess Q7"]
[Site "chess.com INT"]
[Date "2021.06.06"]
[Round "2"]
[White "Pandey, Srishti"]
[Black "Szente Varga, Fruzsina"]
[Result "0-1"]
[WhiteTitle "WFM"]
[BlackTitle "WFM"]
[WhiteElo "2026"]
[BlackElo "2100"]
[WhiteFideId "35093290"]
[BlackFideId "712264"]
[EventDate "2021.06.06"]

1. d4 Nf6 2. c4 g6 3. Nc3 Bg7 4. e4 d6 5. Bd3 O-O 6. Nge2 e5 7. O-O Nc6 8. d5
Ne7 9. Rb1 Ne8 10. Ng3 f5 11. exf5 gxf5 12. f4 e4 13. Bc2 Ng6 14. Be3 Nf6 15.
Nce2 Ng4 16. Bd4 Qh4 17. h3 Bxd4+ 18. Qxd4 Nf6 19. b4 Nh5 20. Nxh5 Qxh5 21. Bd1
Qh4 22. Rb3 Rf7 23. Rg3 Rg7 24. c5 Bd7 25. a4 Kh8 26. b5 Rg8 27. c6 bxc6 28.
dxc6 Bc8 29. Bb3 Rf8 30. Qxa7 Qh5 31. Qd4 Qxe2 32. Bd1 Qa2 33. Bb3 Qa3 34. Kh2
Qc5 35. Qb2 d5 36. Rd1 Rd8 37. Rg5 d4 38. Bc2 d3 39. Bb1 Qd6 40. g3 h6 41. Rh5
Kh7 42. h4 Nxf4 43. gxf4 Qxf4+ 44. Kh1 Qf3+ 45. Kh2 Qxh5 46. Rg1 Qxh4# 0-1

[Event "Women's Speed Chess Q7"]
[Site "chess.com INT"]
[Date "2021.06.06"]
[Round "2"]
[White "Dauletova, Gulmira"]
[Black "Arpita, Mukherjee"]
[Result "0-1"]
[WhiteTitle "WGM"]
[BlackTitle "WIM"]
[WhiteElo "2257"]
[BlackElo "2206"]
[WhiteFideId "13702971"]
[BlackFideId "5056403"]
[EventDate "2021.06.06"]

1. e4 c5 2. Nf3 d6 3. d4 cxd4 4. Qxd4 Nf6 5. Be2 Nc6 6. Qe3 e5 7. h3 Be7 8. O-O
O-O 9. c4 Be6 10. Nc3 Qd7 11. b3 h6 12. Rd1 Bd8 13. Ba3 Ne8 14. c5 Rc8 15. Bb5
a6 16. Nxe5 Qe7 17. Nxc6 bxc6 18. cxd6 Qd7 19. Bxa6 Ra8 20. Qe2 Bf6 21. Bb2 Be5
22. Bc4 Nxd6 23. Bxe6 Qxe6 24. Qe3 Bxc3 25. Qxc3 f6 26. f3 Rac8 27. b4 Nf7 28.
a4 Ne5 29. a5 Ng6 30. a6 Nf4 31. Qe3 Nxh3+ 32. gxh3 Qxh3 33. Qf2 f5 34. e5 f4
35. Qg2 Qh5 36. Bd4 Rf5 37. Kf2 Rg5 38. Qh1 Qg6 39. a7 Qc2+ 40. Ke1 Rg2 41. a8=Q
Qe2# 0-1

[Event "Women's Speed Chess Q7"]
[Site "chess.com INT"]
[Date "2021.06.06"]
[Round "2"]
[White "Nguyen, Thi Thanh An"]
[Black "Tokhirjonova, Gulrukhbegim"]
[Result "0-1"]
[WhiteTitle "WGM"]
[BlackTitle "WGM"]
[WhiteElo "2259"]
[BlackElo "2344"]
[WhiteFideId "12400300"]
[BlackFideId "14203626"]
[EventDate "2021.06.06"]

1. d4 Nf6 2. Nf3 e6 3. Bf4 b6 4. e3 Bb7 5. Nbd2 Be7 6. c3 d6 7. h3 Nbd7 8. Bg3
O-O 9. Bd3 c5 10. O-O a6 11. Qe2 Re8 12. Rfe1 Bf8 13. e4 cxd4 14. cxd4 e5 15. d5
b5 16. b4 g6 17. Rec1 Bh6 18. Rc2 Nh5 19. Bh2 Nb6 20. Nb3 Rc8 21. Na5 Rxc2 22.
Qxc2 Ba8 23. a3 Na4 24. Kh1 Qd7 25. g4 Nf4 26. g5 Qxh3 27. Ne1 Bxg5 28. Kg1 Rc8
29. Nc6 Bxc6 30. dxc6 d5 31. exd5 Nxd5 32. Be4 Nac3 33. Bg2 Qg4 34. Bxe5 Rxc6
35. Bxc3 Rxc3 36. Qe4 Nf4 37. a4 Nh3+ 38. Kf1 Nf4 39. axb5 axb5 40. Ra8+ Kg7 41.
Qe5+ Bf6 42. Qe8 Kh6 43. Qf8+ Bg7 44. Qe8 Rc1 0-1

[Event "Women's Speed Chess Q7"]
[Site "chess.com INT"]
[Date "2021.06.06"]
[Round "2"]
[White "Pham, Le Thao Nguyen"]
[Black "Head, Louise"]
[Result "0-1"]
[WhiteTitle "IM"]
[BlackTitle "WFM"]
[WhiteElo "2369"]
[BlackElo "2090"]
[WhiteFideId "12401226"]
[BlackFideId "424773"]
[EventDate "2021.06.06"]

1. d4 d5 2. Nf3 Nf6 3. Bf4 c5 4. e3 cxd4 5. exd4 Nc6 6. c3 g6 7. Nbd2 Bg7 8. h3
O-O 9. Bd3 a6 10. O-O b5 11. a3 Re8 12. Re1 Nd7 13. Nb3 Nb6 14. Re2 Nc4 15. Qc2
N6a5 16. Nc5 Nb7 17. Nb3 Nbd6 18. Rae1 e6 19. Nbd2 Qb6 20. Nf1 a5 21. Ne5 Nxe5
22. dxe5 Nc4 23. a4 bxa4 24. Bxc4 dxc4 25. Qxa4 Rd8 26. Be3 Qc7 27. Bd4 Bb7 28.
f3 Bd5 29. Ne3 Bxe5 30. Bxe5 Qxe5 31. Nxc4 Qc7 32. Ne5 Rac8 33. Qf4 Bc4 34. Re4
Bd5 35. Rd4 f5 36. h4 Qg7 37. Red1 Qf6 38. R1d2 Kg7 39. Nc6 Rxc6 40. c4 e5 0-1